000 00432nam a2200205Ia 4500
001 13216
003 GE_BSU
008 181216s||||||||xx |||||||||||||| ||und||
020 _a0752842994
040 _cGE_BSU
080 _a821.111-32
100 _aBinchy,Maeve.
245 _aScarlet feather.
260 _aLondon.
260 _bOrion.
260 _c2000
300 _a598p;18cm.
653 _aScarlet feather.
942 _cBK
999 _c46380
_d46380